John Mayer Songs - Statistics

General Stats
  • This quiz has been taken 259 times
  • The average score is 55 of 123
Answer Stats
Album Track # Answer % Correct
Born and Raised 9 Walt Grace's Submarine Test, January 1967
100%
Continuum 4 Gravity
91%
Continuum 8 Slow Dancing in a Burning Room
87%
Inside Wants Out - EP 4 Neon
83%
Room For Squares 5 Neon
83%
Heavier Things 8 Daughters
81%
Room For Squares 4 Your Body Is a Wonderland
81%
Continuum 1 Waiting On the World to Change
80%
Continuum 7 Stop This Train
78%
Room For Squares 1 No Such Thing
75%
Inside Wants Out - EP 2 No Such Thing (demo)
75%
Battle Studies 1 Heartbreak Warfare
73%
Born and Raised 6 Born and Raised
72%
Born and Raised 12 Born and Raised (Reprise)
72%
Sob Rock 1 Last Train Home
72%
Room For Squares 2 Why Georgia
72%
Heavier Things 1 Clarity
69%
Battle Studies 9 Edge of Desire
69%
Battle Studies 3 Half of My Heart
69%
Sob Rock 3 New Light
68%
Continuum 6 Vultures
68%
Continuum 3 Belief
67%
Room For Squares 8 3X5
64%
Sob Rock 5 Wild Blue
64%
Singles/Other - XO
62%
Born and Raised 1 Queen of California
61%
Room For Squares 13 St. Patrick's Day
61%
Battle Studies 4 Who Says
60%
Born and Raised 5 Something Like Olivia
59%
The Search for Everything 1 Still Feel Like Your Man
59%
Paradise Valley 1 Wildfire
59%
Paradise Valley 8 Wildfire (feat. Frank Ocean)
59%
Battle Studies 6 Assassin
57%
Sob Rock 4 Why You No Love Me
57%
Room For Squares 3 My Stupid Mouth
57%
Inside Wants Out - EP 3 My Stupid Mouth (demo)
57%
The Search for Everything 10 Rosie
57%
Continuum 5 The Heart of Life
57%
The Search for Everything 2 Emoji of a Wave
54%
Paradise Valley 4 Paper Doll
54%
Heavier Things 2 Bigger Than My Body
53%
Covers - Free Fallin'
53%
The Search for Everything 4 Love on the Weekend
53%
Heavier Things 7 Split Screen Sadness
53%
Heavier Things 10 Wheel
53%
Singles/Other - Say
52%
The Search for Everything 5 In the Blood
51%
Paradise Valley 6 Who You Love (feat. Katy Perry)
51%
Sob Rock 9 Carry Me Away
49%
Battle Studies 7 Crossroads
49%
Continuum 2 I Don't Trust Myself (With Loving You)
49%
Room For Squares 7 83
48%
The Search for Everything 3 Helpless
48%
Room For Squares 6 City Love
47%
Sob Rock 7 I Guess I Just Feel Like
47%
Continuum 9 Bold as Love
46%
Paradise Valley 2 Dear Marie
46%
Continuum 10 Dreaming With a Broken Heart
46%
Battle Studies 11 Friends, Lovers or Nothing
46%
Heavier Things 3 Something's Missing
46%
The Search for Everything 12 You're Gonna Live Forever in Me
46%
Continuum 11 In Repair
45%
Heavier Things 9 Only Heart
45%
Battle Studies 5 Perfectly Lonely
45%
Sob Rock 6 Shot in the Dark
45%
The Search for Everything 6 Changing
44%
Heavier Things 5 Come Back to Bed
43%
The Search for Everything 7 Theme from "The Search for Everything"
43%
Born and Raised 10 Whiskey, Whiskey, Whiskey
43%
Battle Studies 2 All We Ever Do Is Say Goodbye
41%
Paradise Valley 10 Badge and Gun
41%
Heavier Things 4 New Deep
41%
Continuum 12 I'm Gonna Find Another You
40%
Room For Squares 9 Love Song for No One
40%
Born and Raised 3 Shadow Days
38%
Sob Rock 8 Til the Right One Comes
38%
Born and Raised 8 Love Is a Verb
37%
Paradise Valley 3 Waitin' On the Day
37%
Inside Wants Out - EP 1 Back to You
36%
Room For Squares 10 Back to You
36%
Room For Squares 11 Great Indoors
36%
Heavier Things 6 Home Life
36%
The Search for Everything 8 Moving On and Getting Over
36%
Sob Rock 2 Shouldn't Matter but It Does
35%
Battle Studies 8 War of My Life
35%
Born and Raised 2 The Age of Worry
34%
Paradise Valley 9 You're No One 'Til Someone Lets You Down
34%
Sob Rock 10 All I Want Is to Be With You
33%
Paradise Valley 5 Call Me the Breeze
33%
Battle Studies 10 Do You Know Me
33%
The Search for Everything 11 Roll It on Home
32%
Born and Raised 11 A Face to Call Home
31%
Singles/Other - In Your Atmosphere
30%
Paradise Valley 7 I Will Be Found (Lost At Sea)
30%
Room For Squares 12 Not Myself
30%
Born and Raised 7 If I Ever Get Around to Living
28%
Paradise Valley 11 On the Way Home
28%
The Search for Everything 9 Never on the Day You Leave
27%
Inside Wants Out - EP 7 Comfortable
26%
Inside Wants Out - EP 5 Victoria
26%
John Mayer Trio - Another Kind of Green
25%
John Mayer Trio - Who Did You Think I Was
24%
John Mayer Trio - Good Love Is On the Way
23%
Battle Studies (deluxe) 12 I'm on Fire
23%
Covers - I'm On Fire
23%
Born and Raised 4 Speak for Me
23%
John Mayer Trio - Try
22%
Singles/Other - Covered In Rain
19%
John Mayer Trio - Wait Until Tomorrow
18%
John Mayer Trio - Come When I Call
17%
John Mayer Trio - Everyday I Have the Blues
17%
Covers - Lenny / Man on the Side
13%
Inside Wants Out - EP 6 Love Soon
13%
John Mayer Trio - Out of My Mind
12%
Inside Wants Out - EP 8 Quiet
12%
Born and Raised (bonus) 13 Fool to Love You
11%
John Mayer Trio - I Got a Woman
11%
Covers - Hummingbird
6%
Singles/Other - Go Easy On Me
4%
Covers - Message In a Bottle
4%
Singles/Other - Tracing
3%
Covers - Beat It (with Fall Out Boy)
2%
Covers - Route 66
2%
No matching quizzes found
Score Distribution
Percent of People with Each Score
Percentile by Number Answered
Your Score History
You have not taken this quiz